Concepto de religión en el sistema de la filosofía

Uloženo v:
Podrobná bibliografie
Hlavní autor: Cohen, Hermann (Autor)
Médium: Kniha
Jazyk:španělština
Vydáno: Salamanca Sígueme 2008
Vydání:1a. ed
Edice:Hermeneia, 80
Témata:
Tagy: Přidat tag
Žádné tagy, Buďte první, kdo vytvoří štítek k tomuto záznamu!

MARC

LEADER 00000cam a2200000 a 4500
001 UCD2170
003 CL-VaPUC
008 160414e20080000sp |||||||||||||||||spa|d
020 |a 9788430116829 
082 0 4 |a 210.1  |b COH  |2 21 
100 0 |a Cohen, Hermann  |e author  |9 585453 
245 1 0 |a Concepto de religión en el sistema de la filosofía 
250 |a 1a. ed 
300 |a 189 p 
942 |c BK 
945 |d 20160414 22:20:00  |a arojas 
260 |a Salamanca  |b Sígueme  |c 2008 
650 7 |a TEORIA DE LA RELIGION  |2 CL-VaPUC  |9 519249 
650 0 |a Filosofía de la religión   |9 256017 
583 |a last modification  |c 20160414 22:20:00  |k Rodrigo Vera 
490 0 |a Hermeneia, 80 
999 |c 363365  |d 363363 
952 |0 0  |1 0  |3 erb  |4 0  |6 210_100000000000000_COH_2008  |7 0  |8 A  |9 475558  |a BIBTEO  |b BIBTEO  |i 5281504  |o 210.1 COH 2008  |p 5281504  |r 2025-01-17  |w 2019-11-24  |y BK  |z Catalogado en:20160414  |k ICR 
952 |0 0  |1 0  |3 erb  |4 0  |6 210_100000000000000_COH_2008  |7 0  |8 A  |9 475559  |a BIBTEO  |b BIBTEO  |i 5439922  |o 210.1 COH 2008  |p 5439922  |r 2025-01-17  |w 2019-11-24  |y BK  |z Catalogado en:20171201  |k ICR